01130nam a2200229 a 450000100100000000500170001000800410002704000250006808200240009311001090011724500980022626000700032430000240039450001020041859000260052065000460054665100740059265000530066691000420071995201220076199900170088300002148120200930011337.0100908s1988 dr a r 000 0 spa d aDO-SdBNPbspacBNPHU a352.48bR426p, 19881 aRepública DominicanabSecretariado Técnico de la PresidenciabOficina Nacional de Presupuesto93226610aPresupuestos de ingresos y gastos de las instituciones descentralizadas y autónomas 1988 /. aSanto Domingo :bSecretariado Técnico de la Presidencia,c1988. av. :bil. ;c58 cm. aPublicación complementaria al presupuesto de ingresos y ley de gastos públicos del año 1988 aInventariado, 2018/BT 4aPresupuestozRepública Dominicana97940 4aRepública DominicanaxGastos Presupuestados Públicosy1988944800 4aHacienda públicazRepública Dominicana96562 aValidado. Control de calidad. MMOLINA 0010718PDaPDbPDcHDd2010-09-08iLF1l0o352.48 R426p, 1988p21481-10r2020-06-25w2020-06-25yLFPDZNo se presta c20981d20981